Visualizzazione normale
Vista MARC
- Pepe Marinella
di Personal Name
Records bibliografici associati: 1
001 - CONTROL NUMBER
- control field: 59736
003 - CONTROL NUMBER IDENTIFIER
- control field:
005 - DATE AND TIME OF LATEST TRANSACTION
- control field: 20230317141212.0
008 - FIXED-LENGTH DATA ELEMENTS
- fixed length control field: 230317|| aca||aabn | a|a d
040 ## - CATALOGING SOURCE
- Original cataloging agency:
- Transcribing agency:
100 ## - HEADING--PERSONAL NAME
- Personal name: Pepe Marinella
670 ## - SOURCE DATA FOUND
- Source citation: Work cat.: ()210468: Pepe Marinella, La pratica della distinzione., 2009